| 000 | 01260cam a22003015i 4500 | ||
|---|---|---|---|
| 999 |
_c26952 _d26924 |
||
| 001 | 18853965 | ||
| 003 | EG-ScBUE | ||
| 005 | 20201027103400.0 | ||
| 008 | 151112s2016 enka frb 001 0 eng d | ||
| 020 | _a9780415679084 (pbk. : alk. paper) | ||
| 040 |
_aDLC _beng _erda _cDLC _dEG-ScBUE _dEG-ScBUE |
||
| 082 | 0 | 4 |
_a809.9145 _bCAS _222 |
| 100 | 1 |
_aCasaliggi, Carmen, _eauthor. _941903 |
|
| 245 | 1 | 0 |
_aRomanticism : _ba literary and cultural history / _cCarmen Casaliggi and Porscha Fermanis. |
| 264 | 1 |
_aOxon ; _aNew York : _bRoutledge / Taylor & Francis, _c2016. |
|
| 300 |
_axxii, 260 pages : _billustrations ; _c25 cm |
||
| 336 |
_atext _btxt _2rdacontent |
||
| 337 |
_aunmediated _bn _2rdamedia |
||
| 338 |
_avolume _bnc _2rdacarrier |
||
| 504 | _aIncludes bibliographical references and index. | ||
| 505 | 0 | _a1. Contexts of Romanticism -- 2. Romantic forms, genres and language -- 3. Romantic groups and associations -- 4. National, regional and local Romanticism -- 5. Romanticism in the arts -- 6. European Romanticism -- 7. Global Romanticism. | |
| 650 | 7 |
_aRomanticism. _2BUEsh |
|
| 651 | _2BUEsh | ||
| 653 |
_bHHUUEENN _cNovember2018 |
||
| 655 |
_vReading book _934232 |
||
| 700 | 1 |
_aFermanis, Porscha, _d1975- _eauthor. _941904 |
|
| 942 |
_2ddc _cBB |
||